Регионална библиотека "Любен Каравелов" - Русе

Bulgaria - a land of tourism (Запис номер 470969)

MARC детайли
000 -Лидер
Контролно поле с фиксирана дължина nam a22 a 4500
003 - Код на организацията, давaща контролен номер
Контролно поле BLK
005 - Дата и час на последна редакция
Контролно поле 20220818163701.0
008 - Елементи от данни с фиксирана дължина
fixed length control field 180411b bul|||||r ||||||| ||bul||
040 ## - Източник на каталожния запис
Идентификатор на билиотеката - собственик на записа BLK
041 ## - Код за език
Код за езика на текст/звукозапис или на отделно заглавие Английски
Код за езика КДБФ Английски
080 ## - УДК
Текстов определител УДК Туризъм
УДК код - определител по УДК 338.48
УДК определител (497.2)
УДК - код + определител 338.48(497.2)
080 ## - УДК
Текстов определител УДК Управлението като сфера на услугите
УДК код - определител по УДК 338.46:35
УДК - код + определител 338.46:35
100 ## - Редна дума - Автор
Автор Zhelev, Dimiter
Авторска отговорност първи автор
R(LIN) 1299
139 ## - Редно поле
Редна дума Zhelev, Dimiter
245 ## - Сведения за заглавието
Заглавие Bulgaria - a land of tourism
Подзаглавни данни [Очерк]
Редно поле (дума) Dimiter Zhelev; прев. от бълг.
257 ## - Страна на издаване
Страна на създаване/издаване България
260 ## - Област на издателските данни
Място на издаване, разпространение и проч. Sofia
Име на издателя, разпространителя и проч. Sofia Press
Година на издаване 1974
9 (RLIN) 212363
300 ## - Физическа характеристика
Страници 48 с.
Илюстрации и др. с ил.
Размери/Мащаб 20 см
380 ## - Жанр
Жанр Обществени науки
490 ## - СЕРИИ (Колекции)
9 (RLIN) 479626
Име на серия 30 years since the socialist revolution in Bulgaria
500 ## - Общи забележки
Забележка Прев. е направен от ръкоп. - Развитие на стопанския туризъм.
650 #7 - Допълнително описание по предмет – тема
Основно описание – тема или топоним Туризъм - България - организация и управление
9 (RLIN) 174209
651 #7 - Допълнително описание по предмет - топоним
9 (RLIN) 178684
Географско понятие България
653 #7 - Ключова дума – ненормативна
Ключова дума туризъм
9 (RLIN) 198777
700 ## - Други автори (авторска отговорност)
Автороска отговорност (Описва отношението между автора и произведението) прев. от бълг.
9 (RLIN) 1040
852 ## - Местоположение
Форматна сигнатура Цб 71883
Фондова буква Хранилище
999 ## - СИСТЕМНИ КОНТРОЛНИ НОМЕРА
Koha biblionumber 470969
Koha biblioitemnumber 470969
942 ## - АРТИКУЛИ
Вид на библиотечния материал Книги
Скрит в OPAC Не
Периодичен библиозапис Да
944 ## - СЪЗДАВАНЕ И РЕДАКЦИЯ на ЗАПИСА
Създаване/Редакция Създаване
Дата на регистрацията/редакция 2022-08-18
Служител, извършил регистрацията/редакцията СТ
999 ## - СИСТЕМНИ КОНТРОЛНИ НОМЕРА
Koha biblioitemnumber 470969
Наличности
Код за отписване Код за изгубен артикул Източник на класификационната схема Код за повреда Коз за рестрикции Код за отдаване Артикулен № Име на библиотеката - собственик Име на библиотеката, в която се намира в момента Статус (Текущо местоположение) Дата на вписване в системата Местоположение - отдел Цена в лева Инвентарен номер Систематично азбучна сигнатура Баркод Цена в евро Служебен тип на артикула
  Не е изгубен Universal Decimal Classification Не е повреден само за читалня ползва се в читалня 901490 Регионална библиотека "Любен Каравелов" Русе Регионална библиотека "Любен Каравелов" Русе Хранилище 2022-08-23 Хранилище 0.20 166406 Цб 71883 120000166406 0.10 Книги
Vip Innovations Ltd, Rousse, Bulgaria 2025